| 000 | 00357nam a22001337a 4500 | ||
|---|---|---|---|
| 020 | _a9788121929646 | ||
| 082 | _a604.2 SHA | ||
| 100 |
_aShah, P.J. Prof _9112253 |
||
| 245 | _aA Textbook of Engineering Drawing | ||
| 260 |
_aNew Delhi, _bS. Chand & Co. Ltd. _c2008 |
||
| 500 | _aIncludes index. | ||
| 650 |
_aEngineering Drawing _973872 |
||
| 942 |
_cBK _2ddc |
||
| 999 |
_c520505 _d520505 |
||